000 00273nam a2200121Ia 4500
008 190216s9999||||xx |||||||||||||| ||und||
100 _aThornley G C
245 4 _aThe Hand Of The Law
260 _bLongmans
_c1963
300 _a96p
650 _aEnglish Drama
942 _cBK
999 _c11740
_d11740